|
|
|
|
| LEADER |
01038nam a2200253 a 4500 |
| 001 |
35128574 |
| 008 |
110521s1996 enka b 000 0 eng d |
| 020 |
|
|
|a 0749418699 (pbk.)
|
| 040 |
|
|
|a ESU
|c ESU
|d NGU
|d CSF
|d BD-DhAAL
|
| 082 |
0 |
0 |
|a 650.14
|2 20
|
| 100 |
1 |
|
|a Perrett, Jan.
|
| 245 |
1 |
0 |
|a Job hunting after university or college :
|b CVs and application forms, being interviewed, second interviews /
|c Jan Perrett.
|
| 260 |
|
|
|a London :
|b Kogan Page,
|c 1996.
|
| 300 |
|
|
|a vi, 103 p. :
|b ill. ;
|c 22 cm.
|
| 490 |
0 |
|
|a Transferable and learning skills series
|
| 504 |
|
|
|a Includes bibliographical references.
|
| 541 |
|
|
|e 00012440
|
| 650 |
|
0 |
|a Job hunting.
|
| 650 |
|
0 |
|a College students.
|
| 650 |
|
0 |
|a College graduates.
|
| 710 |
2 |
|
|a De Montfort University.
|
| 852 |
1 |
|
|a Ayesha Abed Library
|c General Shelf.
|
| 999 |
|
|
|c 10871
|d 10871
|
| 952 |
|
|
|0 0
|1 0
|2 ddc
|4 0
|6 650_140000000000000_PER
|7 0
|9 16590
|a BRACUL
|b BRACUL
|c GEN
|d 2011-05-21
|l 8
|m 110
|o 650.14 PER
|p 3010012440
|r 2026-02-17
|s 2026-01-17
|t 1
|w 2011-05-21
|y BK
|x Price not available in Register
|